La medicina comunitaria como sistema de protección a la familia y al niño en latinoamérica /

Guardat en:
Dades bibliogràfiques
Autor principal: Renán Esquivel, José
Format: Text
Matèries:
Etiquetes: Afegir etiqueta
Sense etiquetes, Sigues el primer a etiquetar aquest registre!

MARC

LEADER 00000 a a2200000 04500
001 47414
003
040
090 |a REV0857 1 (2) 1975  
100 |a Renán Esquivel, José  
245 |a La medicina comunitaria como sistema de protección a la familia y al niño en latinoamérica /  |c José Renán Esquivel  
650 |a MEDICINA  
650 |a COMUNIDAD  
650 |a ESTRUCTURA SOCIAL  
650 |a NIÑO  
650 |a LATINOAMERICA  
773 |g volumen1, número2, setiembre-diciembre (1975)  
999 |c 36000  |d 36000